[Event "Challenge"]
[Site "http://www.queenalice.com/game.php?id=323197"]
[Date "2007.12.20"]
[Round "-"]
[White "KingofTara"]
[Black "koutouzov"]
[Result "1/2-1/2"]
[WhiteElo "1304"]
[BlackElo "1669"]

1. e4 e5 2. Nf3 Nc6 3. Bb5 d6 4. d4 Bg4 5. Nc3 a6 6. Bxc6+ bxc6 7. h3 Bxf3 8.
Qxf3 Qf6 9. d5 Qxf3 10. gxf3 Ne7 11. Be3 c5 12. O-O-O O-O-O 13. a3 h6 14. Rhg1
g5 15. Rg4 Kd7 16. Rh1 f5 17. exf5 Nxf5 18. Ne4 Be7 19. Bd2 Ra8 20. b3 h5 21.
Rg2 Nh4 22. Rg3 Nf5 23. Bxg5 Nxg3 24. fxg3 Bxg5+ 25. Nxg5 Rhg8 26. h4 c6 27. c4
cxd5 28. cxd5 Rac8 29. Kc2 a5 30. a4 Rb8 31. Rb1 Rb4 32. Ne4 Rd4 33. Rd1 Rxd5
34. Rxd5 Rg6 35. Nxc5+ Kc6 36. Rd3 Kxc5 37. f4 Kb4 38. fxe5 dxe5 39. Re3 Ka3 40.
Rc3 Re6 41. Rc5 e4 42. Rxh5 e3 43. Kd1 e2+ 44. Ke1 Kb4 45. Rb5+ Kc3 46. Rd5 Kxb3
47. Rxa5 Rg6 48. h5 Rxg3 49. Kxe2 Rg8 1/2-1/2

[Event "AUTO-BEG-167"]
[Site "http://www.queenalice.com/game.php?id=323885"]
[Date "2007.12.21"]
[Round "1"]
[White "toninho89"]
[Black "KingofTara"]
[Result "1-0"]
[WhiteElo "1300"]
[BlackElo "1304"]

1. d4 d5 2. c4 dxc4 3. e4 b5 4. a4 a6 5. axb5 a5 6. Bxc4 c6 7. Nf3 Bg4 8. Be3 e5
9. d5 Bb4+ 10. Nc3 Nd7 11. dxc6 Nc5 12. Bxc5 Bxf3 13. Qxf3 Bxc5 14. Qxf7# 1-0

[Event "AUTO-BEG-167"]
[Site "http://www.queenalice.com/game.php?id=323886"]
[Date "2007.12.21"]
[Round "1"]
[White "KingofTara"]
[Black "toninho89"]
[Result "0-1"]
[WhiteElo "1310"]
[BlackElo "1722"]

1. e4 e5 2. Nf3 Nc6 3. d4 exd4 4. Nxd4 Bc5 5. Bc4 Bxd4 6. c3 Bb6 7. Qf3 Ne5 8.
Qe2 Nxc4 9. Qxc4 d6 10. O-O Be6 11. Qa4+ Qd7 12. Qxd7+ Bxd7 13. Re1 Ne7 14. Be3
Bxe3 15. Rxe3 O-O 16. Nd2 f5 17. e5 dxe5 18. Rxe5 Nc6 19. Re2 Rae8 20. Rae1 Rxe2
21. Rxe2 Re8 22. Rxe8+ Bxe8 23. b4 Bf7 24. a3 Ne5 25. a4 Nc4 26. Nf3 Kf8 27. Nd4
g6 28. f4 Ke7 29. Kf2 a6 30. a5 Kd6 31. Kg3 c5 32. Nb3 cxb4 33. cxb4 Kc6 34. Kh4
h6 35. g4 fxg4 36. Kxg4 Kb5 37. Nc5 Bd5 38. h4 Kxb4 39. Nd7 Kxa5 40. f5 gxf5+
41. Kxf5 b5 42. Nc5 b4 43. Nb3+ Ka4 44. Nc5+ Kb5 45. Nb3 Ne3+ 0-1

[Event "AUTO-BEG-167"]
[Site "http://www.queenalice.com/game.php?id=323905"]
[Date "2007.12.21"]
[Round "1"]
[White "KingofTara"]
[Black "spacey"]
[Result "0-1"]
[WhiteElo "1304"]
[BlackElo "1352"]

1. e4 e6 2. e5 d5 3. d4 c5 4. Nf3 Nc6 5. Bb5 Bd7 6. Bxc6 Bxc6 7. O-O Qb6 8. c3
f6 9. exf6 Nxf6 10. Ne5 c4 11. Nxc6 Qxc6 12. Re1 Be7 13. Bg5 O-O-O 14. Bxf6 gxf6
15. Qg4 Kd7 16. Rxe6 Qxe6 0-1

[Event "AUTO-BEG-167"]
[Site "http://www.queenalice.com/game.php?id=323906"]
[Date "2007.12.21"]
[Round "1"]
[White "spacey"]
[Black "KingofTara"]
[Result "1-0"]
[WhiteElo "1440"]
[BlackElo "1304"]

1. e4 e5 2. f4 exf4 3. Nf3 g5 4. h4 g4 5. Ng5 g3 6. d4 f6 7. Nf3 d6 8. Bxf4 Nd7
9. Bxg3 Bh6 10. Nc3 b6 11. e5 d5 12. Nxd5 c6 13. exf6 Ngxf6 14. Qe2+ Kf7 15.
Nxf6 Nxf6 16. Ne5+ 1-0

[Event "AUTO-INT-731"]
[Site "http://www.queenalice.com/game.php?id=326284"]
[Date "2007.12.26"]
[Round "1"]
[White "Baal"]
[Black "KingofTara"]
[Result "1-0"]
[WhiteElo "1628"]
[BlackElo "1343"]

1. e4 e5 2. Nf3 Nc6 3. Bb5 Qf6 4. Nc3 a6 5. Ba4 b5 6. Bb3 Bc5 7. Nd5 Qd6 8. Ng5
f6 9. Nf3 Nge7 10. O-O Nxd5 11. Bxd5 Bb7 12. a3 Na5 13. b4 Bxd5 14. bxc5 Qxc5
15. exd5 1-0

[Event "AUTO-INT-731"]
[Site "http://www.queenalice.com/game.php?id=326285"]
[Date "2007.12.26"]
[Round "1"]
[White "KingofTara"]
[Black "Baal"]
[Result "0-1"]
[WhiteElo "1338"]
[BlackElo "1633"]

1. e4 e5 2. Nf3 Nc6 3. d4 exd4 4. Nxd4 Bc5 5. Nxc6 Qf6 6. f3 Qxc6 7. Nc3 Bb4 8.
Bd2 Qd6 9. Nd5 Bxd2+ 10. Qxd2 Nf6 11. Nxf6+ Qxf6 12. Bc4 Qxb2 13. O-O Qb6+ 14.
Rf2 O-O 15. Bb3 d6 0-1

[Event "AUTO-INT-731"]
[Site "http://www.queenalice.com/game.php?id=326298"]
[Date "2007.12.26"]
[Round "1"]
[White "Banzai"]
[Black "KingofTara"]
[Result "1-0"]
[WhiteElo "1511"]
[BlackElo "1318"]

1. e4 e5 2. Nf3 Nc6 3. Bb5 Qf6 4. Bxc6 dxc6 5. d3 Bg4 6. Nbd2 Bxf3 7. Nxf3 O-O-O
8. Bg5 Qd6 9. Bxd8 Kxd8 10. O-O Nf6 11. c3 Be7 12. Qb3 b6 13. Ng5 Qxd3 14. Rad1
1-0

[Event "AUTO-INT-731"]
[Site "http://www.queenalice.com/game.php?id=326299"]
[Date "2007.12.26"]
[Round "1"]
[White "KingofTara"]
[Black "Banzai"]
[Result "1-0"]
[WhiteElo "1310"]
[BlackElo "1548"]

1. e4 e5 2. Nf3 Nc6 3. d4 f6 4. Nc3 Bb4 5. Qd3 d6 6. d5 Nd4 7. Be3 Nxf3+ 8. gxf3
b6 9. a3 Bxc3+ 10. Qxc3 Ne7 11. Bb5+ Bd7 12. Bxd7+ Qxd7 13. O-O-O c5 14. Rhg1 g5
15. Qe1 Ng6 16. Rg4 h5 17. Rg2 Qb5 18. Bxg5 fxg5 19. Rxg5 Nf4 20. Rf5 Qd7 21.
Qg1 O-O-O 22. h4 Nh3 23. Qh2 Nf4 24. Rg1 Ne2+ 25. Kd2 Nxg1 26. Qxg1 Qe7 27. Qg3
Rhg8 28. Qh3 Rdf8 29. Rxf8+ 1-0

[Event "AUTO-INT-731"]
[Site "http://www.queenalice.com/game.php?id=326306"]
[Date "2007.12.26"]
[Round "1"]
[White "RDario"]
[Black "KingofTara"]
[Result "1-0"]
[WhiteElo "1486"]
[BlackElo "1343"]

1. d4 d5 2. c4 Nf6 3. Bg5 dxc4 4. Nf3 h6 5. Bh4 g5 6. Bg3 Nc6 7. Nc3 e6 8. e4
Ng4 9. Bxc4 h5 10. h3 Nf6 11. Nxg5 Nxd4 12. Bxc7 1-0

[Event "AUTO-INT-731"]
[Site "http://www.queenalice.com/game.php?id=326307"]
[Date "2007.12.26"]
[Round "1"]
[White "KingofTara"]
[Black "RDario"]
[Result "0-1"]
[WhiteElo "1343"]
[BlackElo "1463"]

1. e4 c5 2. c4 g6 3. Nc3 Bg7 4. Nf3 Nc6 5. d3 d6 6. Be2 Nf6 7. Bg5 O-O 8. Bxf6
Bxf6 9. O-O Bd7 10. Re1 a6 11. Nd5 Bg7 0-1

[Event "AUTO-BEG-159"]
[Site "http://www.queenalice.com/game.php?id=345961"]
[Date "2008.1.31"]
[Round "2"]
[White "KingofTara"]
[Black "BOSQUES"]
[Result "0-1"]
[WhiteElo "1397"]
[BlackElo "1611"]

1. e4 e5 2. Nf3 Nc6 3. d4 d6 4. Bb5 Bd7 5. Bxc6 Bxc6 6. d5 Bb5 7. Nbd2 Nf6 8. c4
Bd7 9. O-O Bg4 10. h3 Bxf3 11. Qxf3 Be7 12. Re1 c5 13. b3 g6 14. Ba3 Qa5 15. Bc1
Nh5 16. g4 Nf4 17. Rf1 Bg5 18. Kh2 b5 19. Kg3 O-O 20. h4 Bf6 21. g5 Nh5+ 22. Kg4
Be7 23. Qg2 f6 24. Nf3 fxg5 25. Nxg5 Bxg5 26. Bxg5 Rf7 27. f4 Nf6+ 28. Bxf6 Rxf6
29. Kg5 Qd8 30. Kg4 Qd7+ 31. f5 gxf5+ 32. exf5 Kh8 33. Kf3 Rxf5+ 34. Ke4 Rxf1
35. Rxf1 bxc4 36. bxc4 Qe7 37. h5 Qh4+ 38. Ke3 Qd4+ 39. Kf3 Rf8+ 0-1

[Event "AUTO-BEG-159"]
[Site "http://www.queenalice.com/game.php?id=345962"]
[Date "2008.1.31"]
[Round "2"]
[White "BOSQUES"]
[Black "KingofTara"]
[Result "1-0"]
[WhiteElo "1603"]
[BlackElo "1405"]

1. d4 d5 2. c4 dxc4 3. e4 e5 4. d5 b5 5. a3 Nf6 6. Nc3 Bc5 7. Bg5 h6 8. Bxf6
Qxf6 9. Nf3 Bg4 10. Be2 Bxf3 11. Bxf3 O-O 12. Nxb5 Qb6 13. a4 Qa5+ 14. Nc3 Nd7
15. O-O Rab8 16. Nb5 a6 17. Na3 Rxb2 18. Nxc4 Qc3 19. Nxb2 Qxb2 20. Rb1 Qd4 21.
Qxd4 Bxd4 22. Rfc1 Nc5 23. a5 Na4 24. Rxc7 Nc3 25. Rbb7 g6 26. g3 Nb5 27. Rc6
Ra8 28. Be2 Nc3 29. Bd3 Kg7 30. Rxa6 Rxa6 31. Bxa6 Nxe4 32. Bc4 Bxf2+ 33. Kg2
Bc5 34. a6 Nd6 35. Rc7 Nxc4 36. Rxc5 Nb6 37. d6 Kf6 38. Rc6 e4 39. Rxb6 1-0

[Event "AUTO-BEG-159"]
[Site "http://www.queenalice.com/game.php?id=345963"]
[Date "2008.1.31"]
[Round "2"]
[White "KingofTara"]
[Black "juliocesarbraga"]
[Result "1-0"]
[WhiteElo "1408"]
[BlackElo "1441"]

1. e4 e5 2. Nf3 Nc6 3. Bb5 d6 4. Bxc6+ bxc6 5. d4 exd4 6. Nxd4 Bd7 7. O-O Nf6 8.
Re1 Be7 9. Bg5 O-O 10. Nc3 h6 11. Bxf6 Bxf6 12. b4 Bxd4 13. Qxd4 Rb8 14. a3 Qe7
15. Qxa7 Be6 16. e5 d5 17. Qc5 Qxc5 18. bxc5 Rb2 19. Rec1 Rd8 20. Rab1 Rxb1 21.
Rxb1 Bf5 22. Rb2 1-0

[Event "AUTO-BEG-159"]
[Site "http://www.queenalice.com/game.php?id=345964"]
[Date "2008.1.31"]
[Round "2"]
[White "juliocesarbraga"]
[Black "KingofTara"]
[Result "0-1"]
[WhiteElo "1461"]
[BlackElo "1394"]

1. e4 e5 2. Nf3 Nc6 3. Bc4 Nf6 4. Ng5 d5 5. exd5 Nxd5 6. d3 Be6 7. Nxe6 fxe6 8.
O-O Qd7 9. Re1 Bc5 10. Nc3 Nxc3 11. bxc3 Qf7 12. Be3 Bxe3 13. fxe3 O-O-O 14. Rf1
Qe7 15. d4 e4 16. Qg4 Rdf8 17. Rxf8+ Rxf8 18. Bxe6+ Kb8 19. Bd5 Na5 20. Bxe4 Nc4
21. Bxh7 Qxe3+ 22. Kh1 Qxc3 0-1

[Event "KingofTara"]
[Site "http://www.queenalice.com/game.php?id=347034"]
[Date "2008.2.2"]
[Round "1"]
[White "KingofTara"]
[Black "REUSKING"]
[Result "0-1"]
[WhiteElo "1410"]
[BlackElo "1941"]

1. e4 e5 2. Nf3 Nf6 3. Nc3 Nc6 4. d4 exd4 5. Nxd4 Be7 6. Nxc6 dxc6 7. Qxd8+ Bxd8
8. Bg5 O-O 9. Bxf6 Bxf6 10. Bd3 Be6 11. O-O Rad8 12. Rfd1 Rfe8 13. h3 g6 14. Re1
Bg7 15. e5 Bd5 16. Nxd5 cxd5 17. f4 c6 18. Rad1 Re7 19. Re2 Rde8 20. Rde1 f6 21.
e6 f5 22. Kh2 Bxb2 23. a4 Bc3 0-1

[Event "Irish game"]
[Site "http://www.queenalice.com/game.php?id=347770"]
[Date "2008.2.3"]
[Round "-"]
[White "Bernhardur"]
[Black "KingofTara"]
[Result "1-0"]
[WhiteElo "1750"]
[BlackElo "1401"]

1. f4 f5 2. Nf3 Nf6 3. e3 Nc6 4. Be2 d5 5. c3 Qd6 6. d4 Ne4 7. Nbd2 Nxd2 8. Bxd2
Bd7 9. O-O O-O-O 10. b4 a6 11. a4 a5 12. Qb3 Be6 13. Rab1 b6 14. Rfc1 g6 15.
bxa5 Nxa5 16. Qb5 1-0

[Event "KingofTara"]
[Site "http://www.queenalice.com/game.php?id=364162"]
[Date "2008.3.2"]
[Round "2"]
[White "KingofTara"]
[Black "DARKQUEEN"]
[Result "0-1"]
[WhiteElo "1425"]
[BlackElo "1476"]

1. e4 c5 2. c4 Nc6 3. Nc3 e5 4. b3 Nf6 5. d3 d6 6. Nd5 Be6 7. Bg5 Bxd5 8. Bxf6
Qxf6 9. exd5 Nd4 10. Nf3 Be7 11. Be2 h5 12. Nxd4 exd4 13. O-O O-O-O 14. Bxh5 g6
15. Bg4+ Kb8 16. Qf3 Qh4 17. h3 Rdf8 18. g3 Qh6 19. Kg2 f5 0-1

[Event "Challenge"]
[Site "http://www.queenalice.com/game.php?id=371997"]
[Date "2008.3.16"]
[Round "-"]
[White "KingofTara"]
[Black "SalsaQueen"]
[Result "0-1"]
[WhiteElo "1413"]
[BlackElo "1688"]

1. e4 e5 2. Nf3 d6 3. h3 Nf6 4. Nc3 a6 5. d4 Nc6 6. Bg5 h6 7. Bxf6 Qxf6 8. dxe5
dxe5 9. Nd5 Qd8 10. Qd2 Bd6 11. c4 Be6 12. Be2 Bxd5 13. exd5 Bb4 0-1

[Event "Beautiful games in B&W"]
[Site "http://www.queenalice.com/game.php?id=377806"]
[Date "2008.3.27"]
[Round "-"]
[White "SalsaQueen"]
[Black "KingofTara"]
[Result "1-0"]
[WhiteElo "1662"]
[BlackElo "1411"]

1. d4 d5 2. e3 Nf6 3. Nc3 Nc6 4. Bb5 a6 5. Bxc6+ bxc6 6. h3 e6 7. a3 Be7 8. Nf3
O-O 9. Bd2 Bd7 10. Ne5 Bd6 11. Nxd7 Qxd7 12. b4 1-0